01367nac a22003377a 4500001001000000003000900010005001700019008003400036040005400070072000800124090001900132100002200151100002600173100001900199100001600218100001800234110008300252245013300335246012400468260003500592300000900627490012200636650001200758650001000770650001000780650001000790909004700800942001700847999001900864952014600883BR8500869BR-BrBNA20240105120240.0230509b bl.|||m| |||| 00| 0 por d aBR-BrBNAbporcBiblioteca Nacional de Agricultura aM40 a8310 BR85008691 aSouza, M. de M. e1 aSeixas Filho, J.T. de1 aCunha, L.L. da1 aSimao, O.M.1 aMarin, M.S.M.1 aEmpresa de Pesquisa Agropecuaria do Estado do Rio de Janeiro, Niteroi (Brasil)1 aInfluencia da dieta no aumento da taxa de sobrevivencia de larvas de Macrobrachium rosenbergii [camarao, racao, nutricao animal]1 a[Influence of diet on increase of survival rate larvae of Macrobrachium rosenbergii [shrimp, ration, animal nutrition]]3 aNiteroi, RJ (Brasil): c1985.  a3 p. aPesquisa em Andamento - Empresa de Pesquisa Agropecuaria do Estado do Rio de Janeiro (Brazil)vno. 37xISSN 0101-5052 aCAMARAO aLARVA aRACAO aDIETA a202312bLúcia Elandec55dLúcia Elande 2AGRISn0cMS c278500d278500 002AGRIS40708Acervo Gerala41918b41918cAGROBASEl0o8310 BR8500869p8310 BR8500869r2023-12-18yMSePortaria Interministerial nº 164/94